| 000 | 00891 a2200313 4500 | ||
|---|---|---|---|
| 999 |
_c78004 _d17431 |
||
| 001 | 78004 | ||
| 003 | TR-AnTOB | ||
| 005 | 20240916160620.0 | ||
| 008 | 100127s2009 tu 00000 tur | ||
| 020 | _a9789944265782 | ||
| 035 | _a78004 | ||
| 040 |
_aTR-AnTOB _cTR-AnTOB |
||
| 041 | _atur | ||
| 050 |
_aKKX2754 _b.A25 2009 |
||
| 090 | _aKKX2754 .A25 2009 | ||
| 245 | 0 |
_aSon değişikliklerle açıklamalı kamu ihale mevzuatı / _c[hazırlayan]Bahattin Işık. |
|
| 264 | 1 |
_aAnkara : _bTurhan Kitabevi, _c2009 |
|
| 300 | _a1167 s.; | ||
| 490 | 0 | _aTurhan Kitabevi yayınları | |
| 650 | 0 |
_aKamu alımları _xHukuk ve mevzuat _zTürkiye _964356 |
|
| 650 |
_aKamu sözleşmeleri _zTürkiye _963480 |
||
| 650 |
_aPublic contracts _zTurkey _963479 |
||
| 700 |
_aIşık, Bahattin _963478 |
||
| 902 | _a32623 | ||
| 903 | _aMerkez Kütüphane | ||
| 942 |
_cBK _2lcc |
||
| 945 | _aM81, BS | ||